00285 a2200121 4500001000700000020000600007040001100013100003900024240004000063245003500103362000900138440001600147167616 a  cMagnum aLopes, Eliane Marta Teixeira (Org)10a500 Anos de educacao no brasillpor10a500 Anos de educacao no brasil0 a1899 1aAutêntica